Responses for Show #6158 - Wednesday, May 25, 2011

Contestants

[<< previous game]

James Ma, a securities analyst from Bridgewater, New Jersey

Amy Ruberg, a college and career consultant from Batesville, Indiana

Tom Brown, a program analyst originally from Harleysville, Pennsylvania (whose 1-day cash winnings total $15,601)

[next game >>]

Jeopardy! Round responses

WHERE AM I?
SPANISH PHRASE BOOK
HODGEPODGE
(Alex: A little bit of everything.)
MILITARY NICKNAMES
THE MAIN VEGETABLE
SAY THAT 3 TIMES FAST!
    $200 1
Madison

James
    $200 16
firefighters

Amy
    $200 11
money

Tom
    $200 17
Napoleon

Tom
    $200 6
cabbage

Amy
    $200 22
yada yada yada

Tom
    $400 2
Arlington (National Cemetery)

James
    $400 27
toilet paper

Tom
    $400 12
a kimono

James
    $400 18
Schwarzkopf

Tom
    $400 7
corn

Amy
    $400 23
"Bye Bye Bye"

Tom
    $600 3
(Tom: What is Berkeley?)
(James: What is Caltech?)

Stanford

TomAmyJames
    $600 28
spaghetti and meatballs

James
    $600 13
(James: What is the iPod Touch?)
(Tom: What is the iPod 4G?)

iPod Nano

TomJames
Triple Stumper
    $600 19
von Richthofen

James
    $600 8
eggplant

Tom
    $600 24
va va va

Tom
    $800 4
Monticello

Amy
    $1,000 29
(James: What is Forgive me, Father, for I have sinned?)

Bless me, Father, for I have sinned

James
    $800 14
a sandwich

Tom
    $800 20
Grant

Amy
    $800 9
potatoes

Amy
    $800 25
"Say Say Say"

Tom
    $1000 5
(Francisco Vasquez de) Coronado

James
    $1000 30
a gold chain

Triple Stumper
    $1000 15
a mezuzah

Tom
    $1000 21
Rommel

Tom
    $1000 10
chickpeas

James
    $1000 26
Major Major Major

Amy

Scores at the first commercial break (after clue 15):

Tom Amy James
$1,400 $2,800 $1,800

Scores at the end of the Jeopardy! Round:

Tom Amy James
$5,400 $4,800 $2,000

Double Jeopardy! Round responses

REMEMBER THE 2000s?
NFL TEAM MASCOTS
LIKE A VIRGIN
CAMERAS
SHADES OF ZANE GREY
"POT"s & "PAN"s
    $400 1
the Department of Homeland Security

Tom
    $400 11
the Patriots

James
    $400 21
Vestal Virgins

Tom
    $400 16
point and shoot

James
    $400 26
Ohio

Amy
    $400 6
the panhandle

Tom
    $800 2
the euro

James
    $800 12
the Baltimore Ravens

Tom
    $800 22
Virgin Birth

James
    $800 17
lipstick

Tom
    $800 27
(Amy: What is the French and Indian War?)

the Revolutionary

Amy
Triple Stumper
    $800 7
potassium

Tom
    $1,800 3
(James: [No response])
...
(Alex: What was the Russian spacecraft, [*]?)

Mir

James
    $1200 13
the (New Orleans) Saints

James
    $1200 23
lambs

Amy
    $1200 18
a filter

James
    $1200 28
a dentist

James
    $1200 8
the Panamerican Games

Amy
    $1600 4
Lehman Brothers

Tom
    $2,200 14
(James: [Long pause] Who are the--Chiefs?)
(Alex: No, you had to think of a name that is almost synonymous with sourdough bread--San Francisco--[*].)

49ers

James
    $1600 24
blindness

Tom
    $1600 19
Polaroid

James
    $1600 29
fishing

Amy
    $1600 9
a Crockpot

James
    $2000 5
2003

James
    $2000 15
the Denver Broncos

Amy
    $2000 25
Guadalupe

Amy
    $2000 20
shutter speed

James
    $2000 30
The Riders of the Purple Sage

Triple Stumper
    $2000 10
Pangloss

Tom

Scores at the end of the Double Jeopardy! Round:

Tom Amy James
$14,200 $12,400 $11,200

[wagering suggestions for these scores]

Final Jeopardy! Round responses

FEMALE SINGERS
(Alex: [*], who got a lot of those hits with The Supremes.)
JamesWho is Beyoncé
$6,000
AmyWho is Diana Ross
$12,300
TomWho is Diana Ross?
$10,601
Diana Ross

Final scores:

Tom Amy James
$24,801 $24,700 $5,200
2-day champion: $40,402 2nd place: $2,000 3rd place: $1,000

Game dynamics:

Coryat scores:

Tom Amy James
$14,200 $12,400 $16,200
21 R,
2 W
14 R,
1 W
18 R,
5 W
(including 3 DDs)

Combined Coryat: $42,800

[game clues] [game scores] [suggest correction]

Game tape date: 2011-02-08
The J! Archive is created by fans, for fans. Scraping, republication, monetization, and malicious use prohibited; this site may use cookies and collect identifying information. See terms. The Jeopardy! game show and all elements thereof, including but not limited to copyright and trademark thereto, are the property of Jeopardy Productions, Inc. and are protected under law. This website is not affiliated with, sponsored by, or operated by Jeopardy Productions, Inc. Join the discussion at JBoard.tv.